UBT Library

Jetzt bin ich Chef! (Record no. 107)

000 -LEADER
fixed length control field 00501nam a22001817a 4500
008 - FIXED-LENGTH DATA ELEMENTS--GENERAL INFORMATION
fixed length control field 131011b xxu||||| |||| 00| 0 ger d
020 ## - INTERNATIONAL STANDARD BOOK NUMBER
International Standard Book Number 3478812429
041 0# - LANGUAGE CODE
Language code of text/sound track or separate title ger
080 ## - UNIVERSAL DECIMAL CLASSIFICATION NUMBER
Universal Decimal Classification number 174.4
Common auxiliary subdivision (036)
100 1# - Rafti
Rafti Straub, Joseph T.
245 10 - TITLE STATEMENT
Title Jetzt bin ich Chef!
Statement of responsibility, etc Joseph T. Straub
260 ## -
-- Landsberg :
-- MVG Verlag ;
-- 2001.
300 ## -
-- 180 f. ;
-- 19 cm.
650 #0 -
-- Etika
650 #0 -
-- Biznesi
650 #0 -
-- Etika e biznesit
942 ## - ADDED ENTRY ELEMENTS (KOHA)
Source of classification or shelving scheme
Item type Books
Holdings
Withdrawn status Lost status Source of classification or shelving scheme Damaged status Not for loan Collection code Permanent location Current location Shelving location Date acquired Total Checkouts Full call number Barcode Date last seen Price effective from Koha item type
          Koleksioni i përgjithshem UBT - Prishtine UBT - Prishtine Koleksioni i përgjithshem 10/11/2013   174.4 (036) STR 001-000112 10/11/2013 10/11/2013 Books
UBT Library © 2015-2024. All rights reserved University Education for Business and Technology